Hints for "advanced algebra"

Αποθηκεύτηκε σε:
Λεπτομέρειες βιβλιογραφικής εγγραφής
Κύριοι συγγραφείς: Durell, Clement V. (Clement Vavasor), 1882-1968, Robson, A. (Alan), 1888- (Συγγραφέας)
Μορφή: Βιβλίο
Γλώσσα:English
Δημοσίευση: London : G. Bell and Sons, 1948.
Θέματα:
Ετικέτες: Προσθήκη ετικέτας
Δεν υπάρχουν, Καταχωρήστε ετικέτα πρώτοι!

MARC

LEADER 00000cam a2200000 a 4500
001 1/125404
008 220921t19481947enk| ||| |||| ||eng||
040 |a GR-MyUa  |b gre  |c GR-MyUa  |e AACR2 
041 0 |a eng 
082 7 |a 512   |2 (23) 
100 1 |a Durell, Clement V.   |q (Clement Vavasor),   |d 1882-1968. 
245 1 0 |a Hints for "advanced algebra" /  |c Clement V. Durell and A. Robson.  
260 |a London :   |b G. Bell and Sons,   |c 1948.  
300 |a 2 τ. (32, 32 σ.) ;   |c 19 εκ.  
500 |3 Volume II. -- Volume III.  
650 0 |a Algebra. 
700 1 |a Robson, A.   |q (Alan),   |d 1888-  |e aut 
852 |a INST  |b SAMOS  |c MAG  |e 20220921  |h 512 DUR  |p 005300034343  |q 005300034343  |t BK  |v τομ.3:  |y 0 
852 |a INST  |b SAMOS  |c MAG  |e 20220921  |h 512 DUR  |p 005300034344  |q 005300034344  |t BK  |v τομ.2:  |y 0 
853 |a INST  |b SAMOS  |c MAG  |h 512 DUR 
970 |a Γουβάλα  |b Βάσω  |z 21-09-2022